000 01298cam a22002175a 4500
001 L139792
008 070808s2007 xxkd f s 000 0 eng d
035 _a(Sirsi) u139792
041 0 _aeng
050 0 4 _a333.33 $2 18
110 2 _aKnight Frank
_91530
245 0 0 _a'07 annual wealth report
_bprime residential property
_h[electronic resource]
260 _aLondon
_bKnight Frank
_c2007
520 _aReports on the prime residential market and attitudes of high net worth individuals (HNWIs) who hold a portfolio within it. Finds that the dramatic increase of the prime market, in contrast to the wider market's sober condition, reflects a real trend of wealth creation. The key difference between HNWIs and other investors is the attitude to risk and reward. HNWI portfolios are incredibly diverse and this, along with greater capital, is seen as the main reason. Purchase activity in the prime market is motivated by the desire for luxury; solution to time poverty; and the desire for prestige.
590 _aKA
651 4 _aInternational
690 _aPROPERTY-RESIDENTIAL PROPERTY-RESIDENTIAL PROPERTY MARKET
710 2 _aCiti Private Bank
_95312
856 4 8 _uhttps://www.knightfrank.com/research/ViewDetails.aspx?reportTitleid=149&tid=
_zView the item free of charge
942 _n0
999 _c107350
_d107350